Jumbo fishes : for the giant aquarium

Bibliographic Details
Main Author: Axelrod, Herbert R.
Format: Book
Published: New Jersey : T.F.H Publications,Inc. , 1992
Subjects:

MARC

LEADER 00000cam a2200000 7i4500
001 0000004307
002 000004628
005 20000330.0
020 |a 0866223487 
090 0 0 |a 639.34   |b AXE 
100 1 |a Axelrod, Herbert R.   |f Dr 
245 1 0 |a Jumbo fishes :   |b for the giant aquarium   |c Dr. Herbert R. Axelrod 
260 |a New Jersey :   |b T.F.H Publications,Inc. ,   |c 1992 
300 |a 352p. :   |b ill ;   |c 25cm. 
650 0 0 |a Aquarium fishes 
999 |a 037371   |b BUKU   |c PINJAMAN   |e PERPUSTAKAAN KOMUNITI PETALING JAYA 
999 |a 082164   |b BUKU   |c RUJUKAN   |e PERPUSTAKAAN KOMUNITI PETALING JAYA